• 首页
  • 本馆介绍
  • 公告通知
  • 最新文献
  • 馆藏检索
  • 电子资源
  • 读者导购
  • 参考咨询
  • 我的图书馆
  • 登录
  • 详细信息显示
  • 放入我的书架
  • 预约/预借图书
  • 作者相关作品
  • 分类相关作品
  • 丛书相关作品
  • 出版社相关作品

书目信息

  • 表格格式
  • 工作单格式
  • 卡片格式
题名:
财富精英的创富密码
    
 
作者: 拾月 主编
分册:  
出版信息: 长春   吉林出版集团股份有限公司  2016
页数: 180页
开本: 23cm
丛书名: 人生大学讲堂书系
单 册:
中图分类: K815.38
科图分类:
主题词: 企业家--生平事迹--世界--青少年读物
电子资源:
ISBN: 978-7-5581-0732-0
000 00894oam2 2200253 450
001 2337632027
005 20231109151447.37
010    @a978-7-5581-0732-0@dCNY36.00
100    @a20181129d2016 demy0chiy50 ea
101 0  @achi
102    @aCN@b220000
105    @ay z 000yd
200 1  @a财富精英的创富密码@Acai fu jing ying de chuang fu mi ma@f拾月主编
210    @a长春@c吉林出版集团股份有限公司@d2016
215    @a180页@d23cm
225 1  @a人生大学讲堂书系@i人生大学榜样讲堂@f拾月主编
330    @a本书精选了李嘉诚、卡内基、史密斯、牛根生、史玉柱、任正非、古尔德、摩根等财富精英的创富故事,为青少年的成长提供精神的营养、人生的启迪。
461  0 @12001 @a人生大学讲堂书系
462  0 @12001 @a人生大学榜样讲堂
606 0  @a企业家@x生平事迹@y世界@j青少年读物
690    @aK815.38@v5
701  0 @a拾月@Ashi yue@4主编
801  0 @aCN@b山东中教@c20230926
905    @aBZT@dK815.38@e13
    
    财富精英的创富密码/拾月主编.-长春:吉林出版集团股份有限公司,2016
    180页;23cm.-(人生大学讲堂书系.人生大学榜样讲堂/拾月主编)
    
    
    ISBN 978-7-5581-0732-0:CNY36.00
    本书精选了李嘉诚、卡内基、史密斯、牛根生、史玉柱、任正非、古尔德、摩根等财富精英的创富故事,为青少年的成长提供精神的营养、人生的启迪。
●
相关链接 在五车中查询图书 在当当中查询图书 在豆瓣中查询图书


正题名:财富精英的创富密码     索取号:K815.38/13         预约/预借

序号 登录号 条形码 馆藏地/架位号 状态 备注
1 2000962061   2000962061   第四书库/四033架A面4层1列/ [索取号:K815.38/13] 在馆    
2 2000962062   2000962062   第四书库/四033架A面4层1列/ [索取号:K815.38/13] 在馆    
3 2000962063   2000962063   第四书库/四033架A面4层1列/ [索取号:K815.38/13] 在馆    
4 2000962064   2000962064   第四书库/四033架A面4层1列/ [索取号:K815.38/13] 在馆    
5 2000962065   2000962065   第四书库/四033架A面4层1列/ [索取号:K815.38/13] 在馆    
6 2000962066   2000962066   第四书库/四033架A面4层1列/ [索取号:K815.38/13] 在馆    
山东省滨州职业学院图书馆 欢迎您!
大连网信软件有限公司© 版权所有